000 00828nam a2200241 i 4500
001 45961
003 ES-MaACL
005 20251011063104.0
007 t|
008 030327s1874 sp ||||1| spa d
080 _a94(460)"0711/1492"
080 _a94(460=411.21)
100 1 _aConde, José Antonio,
_d1766-1820
_940098
245 1 0 _aHistoria de la dominación de los árabes en España
_b: [obra completa] /
_cpor José Antonio Conde.
260 _aMadrid :
_b[s.n.],
_c1874 (
_fR. Vicente)
300 _a327 p. ;
_c27 cm.
490 1 _aBiblioteca de historiadores españoles
651 4 _aEspaña-
_xHistoria-
_y0711-1492, Reconquista.
_98217
651 4 _aAl-Andalus-
_xHistoria.
_97609
830 0 0 _aBiblioteca de historiadores españoles
_9188200
852 _aES-MaACL
_jG-5880
999 _c45961
_d45961